000
00323nam a2200145Ia 4500
005
20251222143214.0
008
251222s9999||||xx |||||||||||||| ||spa||
020
_a
84-376-1097-4
082
_a
828.35/S47H
100
_a
Shakespeare, William
245
0
_a
Hamlet
250
_a
8a.ed.
264
_b
Cátedra
942
_c
LIB
999
_c
13563
_d
13563